000 02479nam a2200301 a 4500
003 OSt
005 20251111142855.0
007 cr ||||||a|c|a
008 230503s2019 mx a|||fom||| 001 0 spa d
040 _erda
100 1 _9186892
_aPérez Velázquez, Luis donaldo
245 1 _aEstudio de factibilidad para la creación de un beneficio de café, en la Comunidad de Nanacatlán, Puebla /
_cpor Luis Donaldo Pérez Velázquez; director de tesis Braulio Morales Morales.
264 1 _aChapingo, México :
_bEl autor,
_c2019.
300 _a1 recurso en línea (105 páginas):
_bfiguras, gráficas, tablas.
336 _2rdacontent
_atexto
_btxt
337 _2rdamedia
_acomputadora
_bc
338 _2rdacarrier
_arecurso en línea
_bcr
502 _bLE
_cDICEA
_d2019.
_gLIC
504 _aIncluye referencias bibliográficas: páginas 96-97.
520 _aEl grano del cafeto es considerado como un producto básico con una importancia singular para la economía de numerosos países productores, ya que dependen en gran medida de su exportación. Para esto el café debe pasar por un proceso que involucra a productores, beneficiadores, comercializadores, etc. El presente trabajo de tesis tiene como objetivo evaluar la rentabilidad y factibilidad de la creación de un beneficio húmedo y seco de café denominado “MALHAT CAPEN S.P.R de R.L”, dedicada a la transformación de café cereza a café oro en la comunidad de Nanacatlán, Puebla. La rentabilidad del proyecto se obtuvo de un análisis financiero a una tasa de actualización del 16% de acuerdo a los siguientes indicadores financieros: Valor Actual Neto de $ 231,042, Tasa Interna de Retorno con un resultado de 18%, y una Relación Beneficio Costo de 1.03, en base a estos indicadores el proyecto se considera técnica, financiera y productivamente viable con una capacidad limitada de producción y su creación impactará en el proceso de transformación de café; teniendo las mejores retribuciones económicas a los productores por la comercialización de su producto con calidad de exportación.
650 4 _9131340
_aCafé
_xAnálisis costo-beneficio
650 4 _917106
_aCafé
_xAspectos económicos
_xPuebla
650 4 _917196
_aCafé
_xRendimiento
650 4 _917208
_aCafé
_xVariedades
700 1 _978345
_aMorales Morales, Braulio
_edirector.
856 _uhttp://10.13.5.2/tesis/tl/Perez_Velazquez_Luis_Donaldo.pdf
_zDESCARGAR PDF
942 _2Clasificación Universidad Autónoma Chapingo
_cTD
999 _c218672
_d218672